| 000 | 00910cab a22001935a 4500 | ||
|---|---|---|---|
| 001 | L140088 | ||
| 008 | 070904s2007 xxko f 000 0 eng d | ||
| 035 | _a(Sirsi) u140088 | ||
| 041 | 0 | _aeng | |
| 100 | 1 | _aBosanko, Nigel | |
| 245 | 0 | 0 | _aSustainable living |
| 260 | _c2007 | ||
| 490 | 0 |
_aBuilding Engineer _v82(9) September 2007, 20-21(2) |
|
| 520 | _aExplains how used newspaper can be used as a cost-effective and environmentally friendly method of insulating homes. The process of transforming newspapers into an insulation product requires little energy which means the product has an excellent BRE environmental rating. It also has zero ozone depletion potential, delivers optimum insulation performance, is resistant to fire, and can be recycled when removed from a building. | ||
| 590 | _aKA | ||
| 651 | 4 |
_aUnited Kingdom _y |
|
| 690 | _aBUILT ENVIRONMENT-SUSTAINABLE CONSTRUCTION | ||
| 942 | _n0 | ||
| 999 |
_c79186 _d79186 |
||